000 00331nam a22001457a 4500
008 240530b ||||| |||| 00| 0 eng d
020 _a9789951775069
041 _aSHQIP
080 _22021
_a159.9
082 _a159.9QKRMT
100 _a25
101 _aPSI
245 _aPERTEJ DHIMBJES DREJT GUXIMIT
_cQKRMT
942 _2udc
_cBK
999 _c60628
_d60628